| 000 | 00736nam a22002057a 4500 | ||
|---|---|---|---|
| 999 |
_c192327 _d192327 |
||
| 005 | 20220919144525.0 | ||
| 010 | _aENG-135127 | ||
| 020 |
_a9789389146493 _c395.00 |
||
| 035 | _aEN-118659 | ||
| 037 | _bDBAD / PUB | ||
| 082 | _a005.133 | ||
| 100 | _aPandiaraj, M | ||
| 245 |
_aData Structures & Algorithms Using C/ _cM .Pandiaraj , K.Sridharan and C.Prabhu |
||
| 260 |
_aTamil Nadu _bShanlax Publications _c2019 |
||
| 270 |
_a61,66 T.P.K Main Road Vasantha Naga, Madurai _bTamil Nadu _e625003 _k0452-4208765 _k7639303383 _mpublisher@shanlaxpublications.com |
||
| 300 |
_a211p. _c29cm(pbk) _bReference, Questions and Lab Programs |
||
| 700 | _aSridharan ,K | ||
| 700 | _aPrabhu, C | ||
| 942 |
_2ddc _cEN _mPAN _h005.133 |
||